00236nam a2200097Ia 4500008004100000100002100041245004200062260001800104300000800122650000800130191201s2019 xx 000 0 und d aFROYEN,Richard T 0aMacroeconomics: Theories and Policies bPearsonc2019 a385 aBBA